[Event "Stay Safe Play From Home 231"]
[Site "Emanuel Lasker Arena"]
[Date "2020.06.16"]
[Round "4"]
[White "Klasman"]
[Black "souchov"]
[Result "1-0"]
[WhiteElo "1582"]
[BlackElo "1783"]
[Annotator "NA RC"]
[PlyCount "133"]
[EventDate "2020.06.16"]
[EventType "swiss (blitz)"]

1. f4 {[%emt 0:00:02]} e5 {[%emt 0:00:03]} 2. fxe5 {[%emt 0:00:02]} d6 {[%emt 0:00:01]} 3. Nf3 {[%emt 0:00:01]} dxe5 {[%emt 0:00:01]} 4. e4 {[%emt 0:00:01]} Nc6 {[%emt 0:00:04]} 5. Bc4 {[%emt 0:00:02]} Bc5 {[%emt 0:00:02]} 6. d3 {[%emt 0:00:11]} Bg4 {[%emt 0:00:03]} 7. Bxf7+ {[%emt 0:00:04]} Kf8 {[%emt 0:00:11]} 8. Rf1 {[%emt 0:00:17]} Nf6 {[%emt 0:00:04]} 9. Bb3 {[%emt 0:00:17]} Nd4 {[%emt 0:00:02]} 10. Bg5 {[%emt 0:00:06]} h6 {[%emt 0:01:02]} 11. Bxf6 {[%emt 0:00:05]} Qxf6 {[%emt 0:00:03]} 12. Nxd4 {[%emt 0:00:13]} Qxf1+ {[%emt 0:00:29]} 13. Kxf1 {[%emt 0:00:04]} Bxd1 {[%emt 0:00:01]} 14. Ne6+ {[%emt 0:00:02]} Ke7 {[%emt 0:00:00]} 15. Nxc5 {[%emt 0:00:02]} Rhf8+ {[%emt 0:00:04]} 16. Ke1 {[%emt 0:00:02]} Bh5 {[%emt 0:00:06]} 17. Nc3 {[%emt 0:00:01]} b6 {[%emt 0:00:01]} 18. Nd5+ {[%emt 0:00:04]} Kd6 {[%emt 0:00:02]} 19. Na4 {[%emt 0:00:13]} c6 {[%emt 0:00:01]} 20. Ne3 {[%emt 0:00:06]} Bg6 {[%emt 0:00:08]} 21. g4 {[%emt 0:00:11]} Rf4 {[%emt 0:00:24]} 22. Ke2 {[%emt 0:00:12]} Raf8 {[%emt 0:00:06]} 23. Rf1 {[%emt 0:00:02]} Rxf1 {[%emt 0:00:04]} 24. Nxf1 {[%emt 0:00:02]} h5 {[%emt 0:00:00]} 25. h3 {[%emt 0:00:15]} h4 {[%emt 0:00:03]} 26. Ne3 {[%emt 0:00:07]} Rf4 {[%emt 0:00:02]} 27. Nc3 {[%emt 0:00:16]} Kc7 {[%emt 0:00:05]} 28. Ncd1 {[%emt 0:00:02]} Be8 {[%emt 0:00:03]} 29. Nf5 {[%emt 0:00:05]} g5 {[%emt 0:00:02] souchov propose la nulle} 30. Nde3 {[%emt 0:00:15]} Bd7 {[%emt 0:00:03]} 31. c4 {[%emt 0:00:14]} Bxf5 {[%emt 0:00:03]} 32. Nxf5 {[%emt 0:00:04]} c5 {[%emt 0:00:04]} 33. Bc2 {[%emt 0:00:05]} Kd7 {[%emt 0:00:02]} 34. a3 {[%emt 0:00:02]} a5 {[%emt 0:00:02] souchov propose la nulle} 35. Ba4+ {[%emt 0:00:04]} Kc7 {[%emt 0:00:02]} 36. Be8 {[%emt 0:00:03]} Kd8 {[%emt 0:00:01]} 37. Bg6 {[%emt 0:00:03]} Kc7 {[%emt 0:00:01]} 38. b3 {[%emt 0:00:04]} Kb7 {[%emt 0:00:03]} 39. a4 {[%emt 0:00:02]} Ka6 {[%emt 0:00:01]} 40. Bf7 {[%emt 0:00:02]} Ka7 {[%emt 0:00:01]} 41. Be8 {[%emt 0:00:01]} Kb8 {[%emt 0:00:01]} 42. Bd7 {[%emt 0:00:03]} Kc7 {[%emt 0:00:01]} 43. Be6 {[%emt 0:00:02]} Kb8 {[%emt 0:00:01]} 44. Nd6 {[%emt 0:00:02]} Ka7 {[%emt 0:00:00]} 45. Bf5 {[%emt 0:00:01]} Kb8 {[%emt 0:00:02]} 46. Nf7 {[%emt 0:00:01]} Kc7 {[%emt 0:00:03]} 47. Nxe5 {[%emt 0:00:02]} Kd6 {[%emt 0:00:01]} 48. Nf7+ {[%emt 0:00:01]} Ke7 {[%emt 0:00:03]} 49. Nxg5 {[%emt 0:00:01]} Kf6 {[%emt 0:00:01]} 50. Ne6 {[%emt 0:00:02]} Ke5 {[%emt 0:00:02]} 51. Nxf4 {[%emt 0:00:01]} Kxf4 {[%emt 0:00:01]} 52. Kf2 {[%emt 0:00:02]} Ke5 {[%emt 0:00:01]} 53. Ke3 {[%emt 0:00:01]} Kf6 {[%emt 0:00:00]} 54. Kf4 {[%emt 0:00:02]} Ke7 {[%emt 0:00:01]} 55. e5 {[%emt 0:00:01]} Kd8 {[%emt 0:00:01]} 56. g5 {[%emt 0:00:01]} Ke8 {[%emt 0:00:00]} 57. g6 {[%emt 0:00:02]} Kf8 {[%emt 0:00:01]} 58. Kg5 {[%emt 0:00:01]} Kg7 {[%emt 0:00:00]} 59. e6 {[%emt 0:00:01]} b5 {[%emt 0:00:01]} 60. cxb5 {[%emt 0:00:02]} c4 {[%emt 0:00:01]} 61. dxc4 {[%emt 0:00:01]} Kg8 {[%emt 0:00:01]} 62. c5 {[%emt 0:00:01]} Kg7 {[%emt 0:00:01]} 63. c6 {[%emt 0:00:01]} Kg8 {[%emt 0:00:04]} 64. c7 {[%emt 0:00:01]} Kg7 {[%emt 0:00:01]} 65. e7 {[%emt 0:00:03]} Kg8 {[%emt 0:00:04]} 66. c8=Q+ {[%emt 0:00:01]} Kg7 {[%emt 0:00:01]} 67. Qf8# {[%emt 0:00:02] (Lag: Av=0.40s, max=0.9s)} 1-0

[Event "Stay Safe Play From Home 231"]
[Site "Emanuel Lasker Arena"]
[Date "2020.06.16"]
[Round "4"]
[White "Fortesfortunaadiuvat"]
[Black "Mehrdadahouran"]
[Result "0-1"]
[WhiteElo "1401"]
[BlackElo "1969"]
[Annotator "TA"]
[PlyCount "74"]
[EventDate "2020.06.16"]
[EventType "swiss (blitz)"]

{[%evp 13,74,1,23,0,58,-12,67,-58,-43,-75,-62,-247,-255,-252,-176,-202,-200,-192,-189,-210,-211,-184,-153,-209,-170,-179,-70,-80,0,-144,-155,-149,-173,-410,-218,-476,0,0,0,-443,-443,-527,-510,-554,-461,-645,-556,-645,-620,-664,-627,-1151,-1118,-1166,-1000,-910,-633,-807,-559,-575,-564,-29995,-29996]} 1. e4 g6 2. d4 c5 3. d5 Bg7 4. c4 d6 5. Nc3 Nf6 6. g3 a6 7. Bg2 O-O 8. Nf3 {E72: King's Indian: 4 e4 d6 5 g3.} Nbd7 ({Better is} 8... b5 $11) 9. O-O (9. a4 $1 $14) 9... Rb8 (9... b5 $11) 10. Be3 (10. a4 $14) 10... b5 $15 11. cxb5 axb5 {[%cal Ba6b5,Bb5b4][%mdl 32] [#]} 12. b3 $146 {[#]} (12. a3 $15) ({Predecessor:} 12. Nh4 b4 13. Ne2 Qb6 14. Qd2 Ng4 15. Bf3 Nxe3 16. fxe3 Ne5 17. Rab1 Ba6 18. b3 Bd3 19. Rbc1 Nxf3+ 20. Rxf3 Qa6 21. Nf4 Bxe4 {0-1 (21) Giessing,K (1528)-Prieckaerts,P ICCF email 2012}) 12... b4 $19 13. Ne2 Ng4 14. Bf4 Bxa1 15. Qxa1 f6 16. h3 Nge5 17. Nxe5 fxe5 18. Bg5 (18. Bh6 $17 {was called for.}) 18... Nf6 19. f4 exf4 (19... Qc7 $19 {aiming for ...Ba6.} 20. Bh6 Rf7 21. fxe5 dxe5) 20. Nxf4 $15 Kg7 ({Black should try} 20... Rf7 $17 21. Ne6 Bxe6 22. dxe6 Rf8) 21. Ne6+ (21. Qc1 $11 {keeps the balance.}) 21... Bxe6 $1 $17 22. dxe6 h6 23. e5 $2 (23. Be3 {was forced.}) 23... dxe5 (23... hxg5 $142 24. exf6+ Rxf6) 24. Bxf6+ $2 (24. Be3 {was necessary.}) 24... exf6 $2 (24... Rxf6 $19 25. Qxe5 Qd4+ 26. Qxd4 cxd4) 25. Rd1 $11 Qe8 26. Bd5 $2 {[%mdl 8192]} (26. Rd7+ $11 {and White has nothing to worry.} Kh8 27. Bd5) 26... Qe7 $19 27. Bc4 {[#] Threatens to win with Rd7.} Rfd8 28. Rf1 Rd4 29. h4 h5 30. Qe1 Rbd8 31. Qf2 f5 32. a4 bxa3 33. Qa2 e4 34. Qxa3 Rd2 35. Qa5 R8d6 36. Qxc5 Rxe6 37. Bxe6 Qxc5+ {Accuracy: White = 21%, Black = 40%.} 0-1

[Event "Stay Safe Play From Home 231"]
[Site "Emanuel Lasker Arena"]
[Date "2020.06.16"]
[Round "5"]
[White "Indianquant"]
[Black "Lazieri3"]
[Result "1-0"]
[WhiteElo "2339"]
[BlackElo "2062"]
[Annotator "TA"]
[PlyCount "139"]
[EventDate "2020.06.16"]
[EventType "swiss (blitz)"]

{[%evp 13,139,33,52,37,35,39,43,41,50,42,58,43,45,49,48,36,133,131,141,139,141,142,131,132,256,255,264,272,335,337,409,408,387,359,332,264,571,553,510,237,296,260,280,241,480,473,467,477,594,599,610,596,1062,605,600,590,797,775,694,444,442,404,496,503,478,481,491,395,404,397,331,296,2852,2549,12836,12836,12837,12837,12838,12839,12839,12839,12839,12840,12840,12840,12845,12845,12845,12846,12846,12844,12845,12846,12846,12847,12847,12847,12850,12851,12851,12851,12851,29950,12851,12851,12851,12851,12851,27999,12851,12851,12851,29985,12851,27999,12851,29987,12851,27999,12851,29990,12851,29995,12851,27999,27999,27999]} 1. Nf3 c6 2. c4 d5 3. d4 Nf6 4. e3 Bf5 5. Nc3 e6 6. Nh4 Bg4 7. Qb3 Qb6 8. h3 {D12: Slav Defence: 3 Nf3 Nf6 4 e3 Bf5.} Qxb3 9. axb3 Bh5 10. g4 {White is slightly better.} Bg6 11. g5 Ne4 12. Nxg6 hxg6 13. Nxe4 dxe4 14. Bg2 $36 {[%mdl 2048] [#] White has good play.} f5 $146 {White stays focused until the end.} (14... Rh4 $1 $14) ({Predecessor:} 14... Be7 15. h4 f5 16. gxf6 gxf6 17. Bxe4 f5 18. Bf3 Rxh4 19. Rxh4 Bxh4 20. b4 e5 {1-0 (41) Spielmann,A (2248)-Ruch,B (2085) Cannes 2000}) 15. gxf6 $1 $16 gxf6 16. Bxe4 f5 17. Bg2 Nd7 18. Bd2 Bd6 (18... Nb6 $16 {is a better defense.} 19. Kd1 Kf7) 19. b4 $18 Kf7 20. b5 cxb5 21. c5 ({Less strong is} 21. cxb5 Rhb8 $16) 21... Be7 22. Bxb7 Rab8 23. c6 Nb6 24. Rxa7 {Black must now prevent c7.} Nd5 $2 (24... Nc8) 25. Ba5 Bd6 {[#]} 26. Ke2 (26. c7 $142 $1 Nxc7 27. Bxc7 Bxc7 28. Ba6) 26... Kf6 27. Bd2 Rh7 28. Ra5 Rbxb7 $2 (28... Nc7 {was necessary.} 29. f3 Re8) 29. cxb7 Rxb7 30. Rha1 Rh7 31. Rxb5 Rxh3 32. Ra7 f4 33. Rd7 fxe3 34. fxe3 Rh2+ 35. Kd3 Bg3 36. Rdxd5 exd5 37. Rxd5 {[%mdl 4096] Endgame KRB-KRB} Rh1 38. e4 Rd1 {and if ...Bf4 works, Black does fine.} 39. Kc2 Rg1 40. Bg5+ Ke6 41. Be3 Rg2+ 42. Kd3 {aiming for Rg5.} Bf2 $2 (42... Rxb2 43. Rg5 Be1 44. Rxg6+ Kf7) 43. Bxf2 Rxf2 {KR-KR} 44. b4 {[%cal Bb2b4,Bb4b5,Bb5b6][%mdl 32]} Rb2 45. b5 Kf6 46. Kc4 g5 47. Rf5+ Kg6 48. Kc5 g4 49. b6 g3 50. Rf3 g2 51. Rg3+ Kf6 52. Kc6 Rc2+ 53. Kd5 Rb2 {[#]} 54. b7 $1 Rb5+ (54... Rxb7 55. e5+) 55. Kc4 Rxb7 56. Rxg2 Re7 57. e5+ Ke6 58. Rg6+ Kf5 59. Rd6 Ke4 60. Kc5 Rc7+ 61. Rc6 Rd7 62. e6 Rd8 63. e7 Re8 64. Re6+ Kf5 65. Re5+ (65. d5 $18 Kg5 66. d6 Rc8+ 67. Kd4 Re8 68. d7 Ra8 69. e8=Q Ra4+ 70. Kc5) 65... Kf6 66. Kd6 {White wants to mate with Kd7.} Ra8 67. e8=Q Ra6+ 68. Kd5 Ra5+ 69. Ke4 Rxe5+ 70. Qxe5+ {Accuracy: White = 78%, Black = 56%.} 1-0

[Event "Stay Safe Play From Home 231"]
[Site "Emanuel Lasker Arena"]
[Date "2020.06.16"]
[Round "5"]
[White "Position"]
[Black "Lucknow"]
[Result "0-1"]
[WhiteElo "2148"]
[BlackElo "1846"]
[Annotator "TA"]
[PlyCount "60"]
[EventDate "2020.06.16"]
[EventType "swiss (blitz)"]

{[%evp 16,59,0,-4,34,35,31,43,185,184,385,327,427,161,167,-76,-93,-107,-14,-10,0,0,-10,-74,0,0,0,0,0,-64,25,0,68,39,56,-104,-85,-319,-229,-233,-208,-29997,-29998,-29998,-29999,-29999]} 1. e4 c5 2. Nf3 d6 3. g3 Nf6 4. d3 e6 5. Bg2 Be7 6. Nbd2 {[%cal Bb1d2,Bd2c4,Bc4e5][%mdl 32]} Nc6 7. O-O O-O 8. Re1 Qc7 9. a4 {[%cal Ba2a4,Ba4a5][%mdl 32]} a6 {B30: Sicilian: 2...Nc6 3 Bb5, lines without ...g6.} 10. Nc4 Rb8 11. a5 {[#]} d5 $146 ({Black should try} 11... Nd7 $14) ({Predecessor:} 11... Nd7 12. Be3 b6 13. axb6 Nxb6 14. Nfd2 Nxc4 15. Nxc4 Bf6 16. c3 Rd8 17. Qe2 g6 {1-0 (55) Chua,X (2047)-Guo,E (1747) Singapore 2007}) 12. Bf4 $18 {[%mdl 64] Skewer} e5 $2 (12... Qd8) 13. Ncxe5 Bd6 {[%cal Rc6e5]} 14. exd5 $2 (14. Nxc6 dxe4 15. dxe4 Bxf4 16. Nxb8 (16. gxf4 bxc6 17. Qc1 Re8 $16)) 14... Nxd5 15. c4 $2 ({White should play} 15. Nxc6 $18 bxc6 16. Bxd6 Qxd6 17. Nd2) 15... Nxf4 $17 16. gxf4 {[#]} Bf5 (16... f6 $1 $17 {[%cal Rf6e5]} 17. Nxc6 bxc6) 17. Nxc6 $11 bxc6 18. Ne5 $1 Rxb2 19. Bxc6 (19. Nxc6 $11 {keeps the balance.} Kh8 20. d4) 19... Bxe5 ({Better is} 19... f6 $17 20. Bd5+ Kh8) 20. Rxe5 {[%mdl 64] Double Attack} Qxc6 21. Rxf5 h6 {...Qg6+ is the strong threat.} 22. Qg4 (22. Qh5 $11) 22... Rfb8 (22... Qd7 $1 $15 23. Rf1 Rc2) 23. Re1 Rd2 (23... Qd7 $11 24. h3 Qxd3) 24. Rd5 Rbb2 25. Re3 $2 (25. Qf5 $14 {stays ahead.} Qg6+ 26. Qxg6 fxg6 27. Rd8+ (27. Rxc5 Rxf2 {[%mdl 64] Double Attack} 28. Rc8+ Kh7 $11) 27... Kf7 28. Rd7+ Kf8 29. Rf1) 25... Rxf2 $40 {[%mdl 128] Black is out for blood.} 26. Rg3 $2 (26. Qf5 $17 Qg6+ 27. Qxg6 fxg6 28. h4) 26... Qf6 27. Qc8+ {[#]} Kh7 $1 {[%mdl 512] ( -> ...Rf1+!)} 28. Rd8 $2 {[#]} (28. Qf5+ $19 Qxf5 29. Rxf5) 28... Rf1+ $1 {[%mdl 576] Decoy, Back Rank. Black mates.} 29. Kxf1 Qxf4+ 30. Kg1 Qc1# {Accuracy: White = 28%, Black = 35%.} 0-1

[Event "Stay Safe Play From Home 231"]
[Site "Emanuel Lasker Arena"]
[Date "2020.06.16"]
[Round "5"]
[White "Weltszmerc"]
[Black "Klasman"]
[Result "1-0"]
[WhiteElo "2108"]
[BlackElo "1696"]
[Annotator "TA"]
[PlyCount "63"]
[EventDate "2020.06.16"]
[EventType "swiss (blitz)"]

{[%evp 9,63,76,113,-4,85,0,163,187,187,151,129,111,108,108,461,465,479,470,465,479,459,464,426,74,73,55,83,41,23,6,97,120,82,62,114,0,0,0,0,0,0,-4,0,-57,26,43,123,118,129,129,135,135,113,126,454,450]} 1. d4 f5 2. c4 Nf6 3. h3 e6 4. g4 fxg4 5. hxg4 Nxg4 {[#]} 6. Nh3 $146 {A84: Dutch Defence: 2 c4 Miscellaneous.} (6. e4 $16 Nf6 7. e5) ({Predecessor:} 6. e4 Bb4+ 7. Bd2 Nxf2 8. Kxf2 Qf6+ 9. Nf3 Bxd2 10. Qxd2 Nc6 11. e5 Qf7 12. Nc3 {1-0 (40) Dannhaeuser,K (1728)-Liebert,F (1859) Vellmar 2012}) 6... Qh4 (6... d6 $11 {keeps the balance.}) 7. Bg2 (7. Bg5 $16 Qh5 8. Nc3) 7... c5 $2 (7... Be7 $1 $11) 8. Bg5 $18 {[%mdl 1024] White has strong compensation.White is clearly better.} Qh5 9. d5 h6 10. Bc1 Be7 11. Nf4 {[%mdl 64] Discovered Attack} Qf5 $2 {[%mdl 8192]} (11... Qf7 $16) 12. e4 Qg5 13. Nxe6 Qf6 {[%csl Gg4][%cal Rf6f2]} 14. Nc7+ ({Not} 14. Qxg4 dxe6 15. f4 h5 $18) 14... Kd8 {[%csl Gg4][%cal Rf6f2]} 15. Qxg4 Kxc7 {[#]} 16. Qf4+ $2 (16. d6+ $1 $18 {[%mdl 512] and the rest is easy.} Bxd6 (16... Kxd6 17. Bf4+) 17. Nc3) 16... d6 $16 17. Nc3 Bd7 18. Qxf6 Bxf6 19. Bf4 Rf8 (19... Na6 $11 {remains equal.}) 20. Bg3 Na6 21. O-O-O Bd4 {[#]} ({Black should try} 21... Bg5+ $14 22. Kb1 Bf4) 22. f4 ({White should play} 22. e5 $1 $16) 22... Be3+ $11 23. Kb1 Bxf4 24. Bxf4 Rxf4 25. e5 $36 {[%mdl 2048] White has the initiative.} Bf5+ ({But not} 25... Rxc4 $6 26. e6 $16) 26. Ka1 (26. Kc1 $11) 26... dxe5 (26... Kd7 $15) 27. d6+ Kd7 (27... Kc8 $14) 28. Bxb7 $16 {[%mdl 64] Double Attack} Nb4 29. Bxa8 {aiming for b3.} Nc2+ 30. Kb1 {Hoping for Rdg1.} Ne3+ {[#]} 31. Kc1 $1 {Rde1 is the strong threat.} Rf2 $2 {[%mdl 8192]} (31... Nxd1 $16 {is a better chance.} 32. Rxd1 (32. Kxd1 Rxc4 33. Ke1 Kxd6 $14) 32... Rxc4) 32. Rd2 {Accuracy: White = 53%, Black = 43%.} 1-0

[Event "Stay Safe Play From Home 231"]
[Site "Emanuel Lasker Arena"]
[Date "2020.06.16"]
[Round "5"]
[White "Dukic"]
[Black "Haxhi Baha"]
[Result "1-0"]
[WhiteElo "2047"]
[BlackElo "2013"]
[Annotator "TA"]
[PlyCount "115"]
[EventDate "2020.06.16"]
[EventType "swiss (blitz)"]

{[%evp 9,115,133,140,95,116,94,99,99,117,89,210,214,216,204,222,215,400,399,789,770,827,817,824,797,877,895,898,895,903,853,909,856,852,849,867,854,879,871,1061,1049,1018,871,859,850,1155,912,2206,1967,29984,2364,29984,29982,29992,1281,1281,1262,1243,1200,1181,1149,1133,1115,1341,1233,1942,1824,29979,29979,29976,29974,29970,29974,29971,12819,29983,29984,29984,29984,29979,29980,29980,29981,29985,29986,29985,29985,29984,29985,29990,29991,29992,29991,29991,29992,29992,29990,29990,29990,29990,29991,29991,29992,29992,29993,29994,29995,29995,29996]} 1. c4 e5 2. Nc3 f5 3. Nf3 e4 4. Nd4 {[#]} Nh6 $146 ({Predecessor:} 4... d6 5. d3 Nf6 6. g3 Nc6 7. Nc2 exd3 8. exd3 Qe7+ 9. Qe2 Ne5 10. Be3 f4 11. Bxf4 {0-1 (38) Andersson,C (1480)-Deus Filho,J (1881) Florianopolis 2020}) 5. d3 Bc5 6. Nb3 {A21: English Opening: 1...e5 2 Nc3.} Bb4 7. Bxh6 gxh6 8. g3 {White is better.} Qf6 9. Qd2 e3 (9... O-O $16) 10. fxe3 Nc6 11. Bg2 d6 12. O-O {Strongly threatening Nd5.} Bd7 $2 (12... O-O 13. a3 Bxc3 14. bxc3 (14. Qxc3 Qxc3 15. bxc3 Bd7 $16) 14... Bd7) 13. Nd5 $18 {[%mdl 64] Double Attack, Discovered Attack} Qd8 $2 (13... Bxd2 14. Nxf6+ Kf7) 14. Nxb4 Nxb4 15. Qxb4 O-O 16. Qxb7 Rb8 17. Qxa7 Rb6 18. Qa5 Qe7 19. Qd5+ Be6 20. Qd4 c5 21. Qf4 Qg7 22. Rab1 h5 23. e4 Ra6 24. exf5 Rxf5 25. Qe4 Re5 26. Qh4 {Threatening mate with Qd8+.} h6 27. Be4 {Qd8+ would kill now.} Rxe4 28. Qxe4 Bg4 29. Rf4 (29. Qe8+ $142 Kh7 30. Rf7 Ra7 31. Rxg7+ Rxg7 32. Qe4+ Kg8 33. Rf1 Bd7 34. Rf6 $1 {[%mdl 576] Double Attack}) 29... Rxa2 30. Rbf1 Rxb2 31. Rf8+ (31. Qe8+ $142 Kh7 32. Rf7 $1 {[%mdl 512]} Rb1 33. Rxb1 Kg6 34. Rbf1 Bf5 35. Rxg7+ Kxg7 36. Rxf5 Kh7 37. Qe7+ {[%mdl 64] Double Attack} Kh8 38. Rf8#) 31... Qxf8 32. Rxf8+ Kxf8 33. Qf4+ Ke7 34. Na5 Rxe2 35. Qxh6 Ra2 36. Nb7 Ra6 {[#]} 37. h3 $1 Bf3 (37... Bxh3 38. Qg7+) 38. Qg5+ Kd7 39. Qf5+ {[%mdl 64] Double Attack} Kc7 40. Qxf3 Rb6 41. Qxh5 (41. Qf7+ $142 Kc8 42. Na5 Kd8 43. Qxh5 Ke7 44. Qh8 Kf7 45. h4 Rb1+ 46. Kf2) 41... Rxb7 {[%mdl 4096] Endgame KQ-KR} 42. Qf7+ {White mates.} Kc6 43. Qf3+ Kc7 44. g4 Rb3 45. g5 d5 46. cxd5 c4 47. Qf4+ Kb7 48. dxc4 Rxh3 49. c5 Ka6 50. Qb4 {[%csl Gc5][%cal Rb4b6]} Ka7 51. Qb6+ Ka8 52. c6 {[%csl Gc6][%cal Rb6b7]} Rh1+ 53. Kg2 {[%csl Gc6][%cal Rb6b7]} Rh2+ 54. Kf3 {[%csl Gc6][%cal Rb6b7]} Rh3+ 55. Ke4 {[%csl Gc6][%cal Rb6b7]} Rh4+ 56. Ke5 {[%csl Gc6][%cal Rb6b7]} Re4+ 57. Kd6 {[%csl Gc6][%cal Rb6b7]} Re6+ {[#]} 58. Kc5 $1 {Black got outplayed after the opening. Accuracy: White = 76%, Black = 29%.} 1-0

[Event "Stay Safe Play From Home 231"]
[Site "Emanuel Lasker Arena"]
[Date "2020.06.16"]
[Round "5"]
[White "Haris kollari 13"]
[Black "Fingerfehler1"]
[Result "1-0"]
[WhiteElo "1986"]
[BlackElo "1737"]
[Annotator "NA"]
[PlyCount "79"]
[EventDate "2020.06.16"]
[EventType "swiss (blitz)"]

1. e4 {[%emt 0:00:01]} c5 {[%emt 0:00:03]} 2. Nf3 {[%emt 0:00:02]} d6 {[%emt 0:00:02]} 3. d4 {[%emt 0:00:01]} cxd4 {[%emt 0:00:01]} 4. Nxd4 {[%emt 0:00:00]} Nf6 {[%emt 0:00:01]} 5. Nc3 {[%emt 0:00:00]} g6 {[%emt 0:00:03]} 6. f4 {[%emt 0:00:01]} Bg7 {[%emt 0:00:01]} 7. Be2 {[%emt 0:00:02]} Nc6 {[%emt 0:00:09]} 8. Be3 {[%emt 0:00:01]} Qa5 {[%emt 0:00:04]} 9. Nb3 {[%emt 0:00:03]} Qc7 {[%emt 0:00:04]} 10. Bf3 {[%emt 0:00:02]} a6 {[%emt 0:00:07]} 11. g4 {[%emt 0:00:07]} b5 {[%emt 0:00:25]} 12. g5 {[%emt 0:00:05]} Nd7 {[%emt 0:00:06]} 13. Qd2 {[%emt 0:00:02]} Bb7 {[%emt 0:00:16]} 14. O-O-O {[%emt 0:00:01]} Nb4 {[%emt 0:00:23]} 15. Kb1 {[%emt 0:00:07]} Rc8 {[%emt 0:00:06]} 16. Bd4 {[%emt 0:00:11]} e5 {[%emt 0:00:14]} 17. Be3 {[%emt 0:00:15]} exf4 {[%emt 0:00:12]} 18. Bxf4 {[%emt 0:00:07]} Ne5 {[%emt 0:00:15]} 19. Be2 {[%emt 0:00:12]} O-O {[%emt 0:00:11]} 20. Qxd6 {[%emt 0:00:02]} Qxd6 {[%emt 0:00:24]} 21. Rxd6 {[%emt 0:00:02]} Nc4 {[%emt 0:00:05]} 22. Rd7 {[%emt 0:00:10]} Bc6 {[%emt 0:00:19]} 23. Re7 {[%emt 0:00:17]} a5 {[%emt 0:00:10]} 24. Bxc4 {[%emt 0:00:04]} bxc4 {[%emt 0:00:01]} 25. Nxa5 {[%emt 0:00:01]} Ba4 {[%emt 0:00:04]} 26. Rc1 {[%emt 0:00:11]} Bxc2+ {[%emt 0:00:04]} 27. Rxc2 {[%emt 0:00:01]} Nxc2 {[%emt 0:00:01]} 28. Kxc2 {[%emt 0:00:01]} Rfd8 {[%emt 0:00:03]} 29. e5 {[%emt 0:00:04]} Bf8 {[%emt 0:00:02]} 30. Rb7 {[%emt 0:00:05]} Rd4 {[%emt 0:00:02]} 31. Bg3 {[%emt 0:00:02]} Re4 {[%emt 0:00:01]} 32. Nxe4 {[%emt 0:00:09]} Bc5 {[%emt 0:00:03]} 33. Nxc5 {[%emt 0:00:07]} Rxc5 {[%emt 0:00:03]} 34. Rb8+ {[%emt 0:00:01]} Kg7 {[%emt 0:00:02]} 35. Nb7 {[%emt 0:00:01]} Rb5 {[%emt 0:00:01]} 36. Kc3 {[%emt 0:00:06]} Rb6 {[%emt 0:00:02]} 37. e6 {[%emt 0:00:03]} Rxe6 {[%emt 0:00:02]} 38. Kxc4 {[%emt 0:00:03]} Rb6 {[%emt 0:00:01]} 39. Nc5 {[%emt 0:00:03]} Rxb2 {[%emt 0:00:01]} 40. Rxb2 {[%emt 0:00:02] Zeit Fingerfehler1 gibt auf (Lag: Av=0.66s, max=0.8s)} 1-0